| 000 | 00606nam a2200205 i 4500 | ||
|---|---|---|---|
| 001 | 118023 | ||
| 003 | ES-MaACL | ||
| 005 | 20250701062909.0 | ||
| 007 | t| | ||
| 008 | 070214q1914 sp r ||||1| spa d | ||
| 100 | 1 |
_aPereyra, Carlos, _d1871-1942 _990541 |
|
| 245 | 1 | 0 |
_aHumboldt en América / _cCarlos Pereyra. |
| 260 |
_aMadrid : _bJuan Pueyo, _c[1914?] |
||
| 300 |
_a275 p. ; _c19 cm. |
||
| 490 | 1 | _aBiblioteca Hispano-americana | |
| 600 | 1 | 4 |
_aHumboldt, Alexander von, _d1769-1859 _964715 |
| 830 | 0 |
_aBiblioteca Hispano-americana _9182458 |
|
| 852 |
_aES-MaACL _jF-1934 |
||
| 999 |
_c118023 _d118023 |
||